[Event "RTU Open, Riga"]
[Site "?"]
[Date "2013.08.08"]
[Round "5.3"]
[White "Rausis, Igors"]
[Black "Beinoras, Mindaugas"]
[Result "1/2-1/2"]
[BlackElo "2378"]
[WhiteElo "2552"]

1. Nf3 {[%clk 1:30:58]} d5 {[%clk 1:29:34]} 2. d4 {[%clk 1:31:01]} c6
{[%clk 1:29:38]} 3. c4 {[%clk 1:31:11]} Nf6 {[%clk 1:29:45]} 4. e3
{[%clk 1:29:46]} e6 {[%clk 1:28:11]} 5. Nc3 {[%clk 1:29:22]} Nbd7
{[%clk 1:28:07]} 6. Bd3 {[%clk 1:28:57]} Bd6 {[%clk 1:27:22]} 7. e4
{[%clk 1:26:30]} dxe4 {[%clk 1:21:58]} 8. Nxe4 {[%clk 1:26:47]} Nxe4
{[%clk 1:21:26]} 9. Bxe4 {[%clk 1:27:14]} e5 {[%clk 1:21:32]} 10. O-O
{[%clk 1:23:29]} exd4 {[%clk 1:18:57]} 11. Qxd4 {[%clk 1:17:13]} Qf6
{[%clk 1:18:38]} 12. Rd1 {[%clk 1:16:35]} Be7 {[%clk 1:04:09]} 13. Re1
{[%clk 1:09:48]} Qxd4 {[%clk 0:33:03]} 14. Nxd4 {[%clk 1:09:53]} Bb4
{[%clk 0:32:32]} 15. Re2 {[%clk 1:07:40]} O-O {[%clk 0:32:06]} 16. a3
{[%clk 1:05:15]} Bc5 {[%clk 0:30:33]} 17. Nb3 {[%clk 0:59:52]} Bb6
{[%clk 0:29:08]} 18. Bf4 {[%clk 0:58:28]} Nc5 {[%clk 0:25:46]} 19. Nxc5
{[%clk 0:53:15]} Bxc5 {[%clk 0:25:37]} 20. b4 {[%clk 0:53:32]} Bd4
{[%clk 0:25:48]} 21. Rc1 {[%clk 0:53:07]} Be6 {[%clk 0:19:01]} 22. b5
{[%clk 0:52:25]} Rac8 {[%clk 0:12:15]} 23. bxc6 {[%clk 0:48:39]} bxc6
{[%clk 0:12:44]} 24. c5 {[%clk 0:42:45]} Rfd8 {[%clk 0:12:30]} 25. Bd6
{[%clk 0:34:11]} g6 {[%clk 0:12:45]} 26. h3 {[%clk 0:28:47]} Bg7 {[%clk 0:11:41]}
27. Rb1 {[%clk 0:22:28]} Bf8 {[%clk 0:11:09]} 28. Bxf8 {[%clk 0:22:16]} Kxf8
{[%clk 0:10:47]} 29. Rb7 {[%clk 0:22:26]} Rd7 {[%clk 0:10:38]} 30. Reb2
{[%clk 0:20:39]} Rcc7 {[%clk 0:10:40]} 31. Rxc7 {[%clk 0:16:16]} Rxc7
{[%clk 0:11:09]} 32. Rd2 {[%clk 0:15:23]} Ke7 {[%clk 0:05:36]} 33. Rd6
{[%clk 0:15:01]} Bd5 {[%clk 0:04:47]} 34. f3 {[%clk 0:11:00]} Rd7
{[%clk 0:03:10]} 35. Bxd5 {[%clk 0:11:27]} cxd5 {[%clk 0:03:34]} 36. Ra6
{[%clk 0:11:50]} Rc7 {[%clk 0:03:35]} 37. Kf2 {[%clk 0:08:45]} Rxc5
{[%clk 0:03:54]} 38. Rxa7 {[%clk 0:09:14]} Ke6 {[%clk 0:04:17]} 39. Ke3
{[%clk 0:09:14]} Rc2 {[%clk 0:03:32]} 40. Ra6 {[%clk 0:06:23]} Ke5 41. Ke4
1/2-1/2

[Event "RTU Open, Riga"]
[Site "?"]
[Date "2013.08.08"]
[Round "5.6"]
[White "Socko, Bartosz"]
[Black "Collins, Sam E"]
[Result "1-0"]
[BlackElo "2463"]
[WhiteElo "2646"]

1. Nf3 {[%clk 1:30:57]} d5 {[%clk 1:29:51]} 2. g3 {[%clk 1:31:20]} c5
{[%clk 1:28:25]} 3. Bg2 {[%clk 1:31:39]} Nc6 {[%clk 1:28:25]} 4. d4
{[%clk 1:29:14]} e6 {[%clk 1:26:45]} 5. O-O {[%clk 1:29:13]} Nf6 {[%clk 1:26:13]}
6. c4 {[%clk 1:24:52]} Be7 {[%clk 1:22:12]} 7. dxc5 {[%clk 1:23:14]} Bxc5
{[%clk 1:19:35]} 8. cxd5 {[%clk 1:18:06]} exd5 {[%clk 1:19:05]} 9. Bg5
{[%clk 1:18:18]} O-O {[%clk 1:17:21]} 10. Nc3 {[%clk 1:09:43]} d4
{[%clk 1:17:14]} 11. Bxf6 {[%clk 1:09:55]} Qxf6 {[%clk 1:17:38]} 12. Ne4
{[%clk 1:10:18]} Qe7 {[%clk 1:17:42]} 13. Nxc5 {[%clk 1:10:42]} Qxc5
{[%clk 1:18:07]} 14. Qd2 {[%clk 1:11:02]} Rd8 {[%clk 1:07:21]} 15. Rfd1
{[%clk 1:06:47]} Be6 {[%clk 0:57:51]} 16. Qf4 {[%clk 0:55:57]} h6
{[%clk 0:50:09]} 17. a3 {[%clk 0:53:15]} a5 {[%clk 0:46:05]} 18. Rac1
{[%clk 0:50:24]} Qb6 {[%clk 0:45:14]} 19. Rd2 {[%clk 0:50:41]} Rd5
{[%clk 0:36:05]} 20. Ne1 {[%clk 0:39:39]} Rf5 {[%clk 0:35:41]} 21. Qe4
{[%clk 0:39:37]} Rd8 {[%clk 0:33:40]} 22. Nd3 {[%clk 0:37:53]} Rb5
{[%clk 0:30:29]} 23. Qh4 {[%clk 0:33:24]} Ne5 {[%clk 0:25:19]} 24. Nxe5
{[%clk 0:29:21]} Rxe5 {[%clk 0:25:34]} 25. Qe7 {[%clk 0:29:33]} Rd7
{[%clk 0:22:46]} 26. Qe8 {[%clk 0:27:25]} Kh7 {[%clk 0:23:09]} 27. Qb8
{[%clk 0:26:00]} Rc5 {[%clk 0:22:41]} 28. Be4 {[%clk 0:25:49]} f5
{[%clk 0:21:20]} 29. Rxc5 {[%clk 0:25:53]} Qxc5 {[%clk 0:19:19]} 30. Rc2
{[%clk 0:26:18]} Qd6 {[%clk 0:15:50]} 31. Qxd6 {[%clk 0:25:43]} Rxd6
{[%clk 0:16:15]} 32. Bxb7 {[%clk 0:25:44]} d3 {[%clk 0:16:33]} 33. exd3
{[%clk 0:25:47]} Rxd3 {[%clk 0:16:56]} 34. Kf1 {[%clk 0:24:09]} Rb3
{[%clk 0:14:59]} 35. Ba6 {[%clk 0:20:49]} f4 {[%clk 0:14:49]} 36. gxf4
{[%clk 0:20:56]} Rf3 {[%clk 0:12:42]} 37. Rc6 {[%clk 0:17:42]} Bh3
{[%clk 0:12:24]} 38. Ke2 {[%clk 0:17:59]} Rxf4 {[%clk 0:10:03]} 39. Bd3
{[%clk 0:17:27]} Kg8 {[%clk 0:09:26]} 40. Ke3 {[%clk 0:16:24]} Rf8
{[%clk 0:08:52]} 41. Ra6 {[%clk 0:15:32]} Re8 {[%clk 0:08:40]} 42. Ke4 1-0

[Event "RTU Open, Riga"]
[Site "?"]
[Date "2013.08.08"]
[Round "5.10"]
[White "Boruchovsky, Avital"]
[Black "Yemelin, Vasily"]
[Result "1/2-1/2"]
[BlackElo "2564"]
[WhiteElo "2441"]

1. e4 {[%clk 1:30:57]} c5 {[%clk 1:23:58]} 2. c3 {[%clk 1:31:13]} e6
{[%clk 1:19:34]} 3. d4 {[%clk 1:31:17]} d5 {[%clk 1:20:01]} 4. exd5
{[%clk 1:31:40]} exd5 {[%clk 1:20:19]} 5. Nf3 {[%clk 1:31:49]} Nc6
{[%clk 1:19:02]} 6. Bb5 {[%clk 1:29:54]} Bd6 {[%clk 1:18:36]} 7. dxc5
{[%clk 1:29:34]} Bxc5 {[%clk 1:19:02]} 8. O-O {[%clk 1:29:57]} Nge7
{[%clk 1:19:28]} 9. Nbd2 {[%clk 1:30:10]} O-O {[%clk 1:14:16]} 10. Nb3
{[%clk 1:29:25]} Bd6 {[%clk 1:00:01]} 11. Bd3 {[%clk 1:28:02]} h6
{[%clk 0:58:45]} 12. h3 {[%clk 1:27:58]} Nf5 {[%clk 0:40:52]} 13. Re1
{[%clk 1:25:50]} Qf6 {[%clk 0:31:45]} 14. Bc2 {[%clk 1:21:51]} Rd8
{[%clk 0:31:28]} 15. Qd3 {[%clk 1:19:24]} g6 {[%clk 0:31:48]} 16. Bd2
{[%clk 1:16:44]} Bf8 {[%clk 0:20:39]} 17. Qf1 {[%clk 0:58:44]} Nd6
{[%clk 0:18:04]} 18. Nbd4 {[%clk 0:55:15]} Nc4 {[%clk 0:18:12]} 19. Bc1
{[%clk 0:55:08]} Nxd4 {[%clk 0:14:56]} 20. Nxd4 {[%clk 0:54:50]} Bd7
{[%clk 0:13:42]} 21. b3 {[%clk 0:49:04]} Nd6 {[%clk 0:13:58]} 22. Bb2
{[%clk 0:48:54]} Re8 {[%clk 0:09:20]} 23. Rad1 {[%clk 0:47:09]} Ne4
{[%clk 0:04:01]} 24. c4 {[%clk 0:29:07]} Rac8 {[%clk 0:02:25]} 25. Ba1
{[%clk 0:27:16]} Qb6 {[%clk 0:01:43]} 26. Re3 {[%clk 0:15:25]} Nf6
{[%clk 0:01:13]} 1/2-1/2

[Event "RTU Open, Riga"]
[Site "?"]
[Date "2013.08.08"]
[Round "6.10"]
[White "Baghdasaryan, Vahe"]
[Black "Gleizerov, Evgeny"]
[Result "0-1"]
[BlackElo "2567"]
[WhiteElo "2414"]

1. e4 {[%clk 1:26:43]} e6 {[%clk 1:30:55]} 2. d4 {[%clk 1:26:47]} d5
{[%clk 1:31:19]} 3. Nc3 {[%clk 1:27:06]} Nf6 {[%clk 1:31:45]} 4. Bg5
{[%clk 1:27:25]} Be7 {[%clk 1:32:11]} 5. e5 {[%clk 1:27:41]} Nfd7
{[%clk 1:32:38]} 6. h4 {[%clk 1:18:35]} h6 {[%clk 1:32:34]} 7. Be3
{[%clk 1:19:00]} c5 {[%clk 1:32:59]} 8. Qg4 {[%clk 1:19:04]} g6 {[%clk 1:33:23]}
9. O-O-O {[%clk 1:17:07]} Nc6 {[%clk 1:28:56]} 10. Nf3 {[%clk 1:16:17]} cxd4
{[%clk 1:29:19]} 11. Bxd4 {[%clk 1:16:39]} a6 {[%clk 1:29:37]} 12. Bd3
{[%clk 1:14:31]} Nxd4 {[%clk 1:27:54]} 13. Qxd4 {[%clk 1:08:59]} Nc5
{[%clk 1:27:11]} 14. h5 {[%clk 1:07:22]} g5 {[%clk 1:25:49]} 15. Nh2
{[%clk 1:07:42]} b5 {[%clk 1:24:02]} 16. Ng4 {[%clk 1:07:07]} Bb7
{[%clk 1:24:08]} 17. Kb1 {[%clk 1:05:48]} Qc7 {[%clk 1:21:16]} 18. Rh3
{[%clk 0:47:30]} Nd7 {[%clk 1:12:55]} 19. b4 {[%clk 0:30:15]} Qb6
{[%clk 1:03:52]} 20. Bf1 {[%clk 0:27:50]} Rc8 {[%clk 0:49:00]} 21. a3
{[%clk 0:25:30]} Qxd4 {[%clk 0:45:41]} 22. Rxd4 {[%clk 0:23:23]} Nxe5
{[%clk 0:41:15]} 23. Nxe5 {[%clk 0:21:08]} Bf6 {[%clk 0:41:41]} 24. Re3
{[%clk 0:17:10]} Rxc3 {[%clk 0:36:33]} 25. Rxc3 {[%clk 0:17:33]} Bxe5
{[%clk 0:37:00]} 26. Rdd3 {[%clk 0:16:29]} Bxc3 {[%clk 0:37:23]} 27. Rxc3
{[%clk 0:16:57]} Kd7 {[%clk 0:37:48]} 28. a4 {[%clk 0:16:46]} bxa4
{[%clk 0:34:23]} 29. Rc5 {[%clk 0:16:47]} Rb8 {[%clk 0:30:23]} 30. c3
{[%clk 0:15:39]} Rc8 {[%clk 0:28:11]} 31. Rxc8 {[%clk 0:16:04]} Bxc8
{[%clk 0:27:25]} 32. Kb2 {[%clk 0:16:29]} Kc6 {[%clk 0:27:43]} 33. Ka3
{[%clk 0:16:19]} Kb6 {[%clk 0:28:06]} 34. Kxa4 {[%clk 0:09:19]} Bd7
{[%clk 0:28:14]} 35. Kb3 {[%clk 0:09:46]} Bb5 {[%clk 0:28:40]} 36. c4
{[%clk 0:10:12]} Bxc4 {[%clk 0:28:46]} 37. Bxc4 {[%clk 0:10:40]} dxc4
{[%clk 0:29:12]} 38. Kxc4 {[%clk 0:11:05]} f5 {[%clk 0:27:44]} 39. f3
{[%clk 0:10:38]} Kc6 {[%clk 0:24:03]} 40. Kd4 {[%clk 0:10:29]} Kd6
{[%clk 0:24:17]} 41. Kc4 {[%clk 0:10:15]} e5 {[%clk 0:24:24]} 42. g3
{[%clk 0:09:10]} Kc6 {[%clk 0:24:40]} 43. Kd4 0-1

[Event "RTU Open, Riga"]
[Site "?"]
[Date "2013.08.08"]
[Round "6.13"]
[White "Miezis, Normunds"]
[Black "Carlstedt, Jonathan"]
[Result "1/2-1/2"]
[BlackElo "2387"]
[WhiteElo "2557"]

1. c4 {[%clk 1:30:56]} e5 {[%clk 1:29:23]} 2. g3 {[%clk 1:30:49]} c6
{[%clk 1:29:44]} 3. Nf3 {[%clk 1:30:31]} e4 {[%clk 1:29:05]} 4. Nd4
{[%clk 1:30:47]} d5 {[%clk 1:29:27]} 5. cxd5 {[%clk 1:30:55]} Qxd5
{[%clk 1:29:50]} 6. e3 {[%clk 1:29:02]} Nf6 {[%clk 1:26:04]} 7. Nc3
{[%clk 1:28:33]} Qe5 {[%clk 1:26:27]} 8. Bg2 {[%clk 1:25:16]} Bc5
{[%clk 1:25:47]} 9. Nde2 {[%clk 1:22:08]} Bf5 {[%clk 1:22:03]} 10. O-O
{[%clk 1:21:50]} h5 {[%clk 1:19:29]} 11. f3 {[%clk 1:21:26]} exf3
{[%clk 1:16:57]} 12. Rxf3 {[%clk 1:21:23]} Bb6 {[%clk 1:15:12]} 13. d4
{[%clk 1:16:48]} Qe6 {[%clk 1:15:35]} 14. e4 {[%clk 1:10:28]} Bg4
{[%clk 1:14:50]} 15. Rf2 {[%clk 1:08:48]} Nbd7 {[%clk 1:11:50]} 16. Be3
{[%clk 0:57:42]} h4 {[%clk 1:04:09]} 17. gxh4 {[%clk 0:50:31]} Rxh4
{[%clk 1:03:40]} 18. h3 {[%clk 0:50:12]} Ne5 {[%clk 0:43:42]} 19. Bg5
{[%clk 0:26:06]} Bxe2 {[%clk 0:26:32]} 20. Nxe2 {[%clk 0:21:01]} Rh8
{[%clk 0:23:26]} 21. dxe5 {[%clk 0:18:01]} Qxe5 {[%clk 0:22:59]} 22. Bxf6
{[%clk 0:16:13]} Qxf6 {[%clk 0:23:14]} 23. Qe1 {[%clk 0:15:29]} Rd8
{[%clk 0:21:56]} 24. e5 {[%clk 0:13:57]} Qxe5 {[%clk 0:20:53]} 25. Nc3
{[%clk 0:12:53]} Qxe1 {[%clk 0:20:55]} 26. Rxe1 {[%clk 0:13:15]} Kf8
{[%clk 0:20:32]} 27. Ree2 {[%clk 0:12:48]} Rh4 {[%clk 0:19:19]} 28. Kh2
{[%clk 0:12:52]} Bxf2 {[%clk 0:19:39]} 29. Rxf2 {[%clk 0:13:17]} Rhd4
{[%clk 0:19:31]} 30. Ne4 {[%clk 0:13:34]} Kg8 {[%clk 0:19:15]} 31. Kg3
{[%clk 0:13:26]} g6 {[%clk 0:19:09]} 32. Bf3 {[%clk 0:12:48]} Kg7
{[%clk 0:18:02]} 33. Rc2 {[%clk 0:12:17]} Re8 {[%clk 0:16:29]} 34. Nc5
{[%clk 0:12:28]} Re7 {[%clk 0:16:56]} 35. h4 {[%clk 0:11:52]} f5 {[%clk 0:17:08]}
36. Nb3 {[%clk 0:11:45]} Rd6 {[%clk 0:17:19]} 37. Nc1 {[%clk 0:11:04]} Kf6
{[%clk 0:17:35]} 38. a3 {[%clk 0:10:58]} Red7 {[%clk 0:15:25]} 39. Nb3
{[%clk 0:10:35]} Rh7 {[%clk 0:13:22]} 40. Rc3 {[%clk 0:08:42]} g5
{[%clk 0:11:24]} 41. hxg5 {[%clk 0:09:04]} Kxg5 {[%clk 0:11:51]} 42. Rc2
{[%clk 0:08:45]} Rg6 {[%clk 0:11:05]} 43. Re2 {[%clk 0:07:31]} Kf6
{[%clk 0:08:36]} 44. Kf4 {[%clk 0:07:42]} Rgg7 {[%clk 0:08:17]} 45. Re8
{[%clk 0:06:57]} Rh4 {[%clk 0:07:42]} 46. Ke3 {[%clk 0:07:20]} Re7
{[%clk 0:07:56]} 47. Rxe7 {[%clk 0:07:42]} Kxe7 {[%clk 0:08:09]} 48. Na5
{[%clk 0:08:05]} Rh2 {[%clk 0:08:06]} 49. Be2 {[%clk 0:08:06]} Rh3
{[%clk 0:04:27]} 50. Bf3 {[%clk 0:06:45]} Rh2 {[%clk 0:04:42]} 51. Be2
{[%clk 0:06:25]} Rh3 {[%clk 0:02:34]} 52. Kf2 {[%clk 0:05:05]} Kf6
{[%clk 0:01:28]} 53. Nxb7 {[%clk 0:05:03]} Rb3 {[%clk 0:01:50]} 54. Na5
{[%clk 0:05:18]} Rxb2 {[%clk 0:02:06]} 55. Nxc6 {[%clk 0:05:40]} Ra2
{[%clk 0:02:14]} 56. Nxa7 {[%clk 0:06:02]} Rxa3 {[%clk 0:02:41]} 57. Nb5
{[%clk 0:06:22]} Ra1 {[%clk 0:02:59]} 58. Nd4 {[%clk 0:06:30]} Ke5
{[%clk 0:03:12]} 59. Nf3 {[%clk 0:06:46]} Kf4 {[%clk 0:03:36]} 60. Ne1
{[%clk 0:06:57]} Ke4 {[%clk 0:03:39]} 61. Bd3 {[%clk 0:06:52]} Ke5
{[%clk 0:03:56]} 62. Be2 {[%clk 0:07:18]} Ra3 {[%clk 0:03:58]} 63. Nd3
{[%clk 0:07:23]} Ke4 {[%clk 0:03:40]} 64. Ne1 {[%clk 0:07:22]} Ra2
{[%clk 0:03:47]} 65. Nf3 {[%clk 0:07:29]} Ra7 {[%clk 0:02:35]} 66. Ng5
{[%clk 0:07:47]} Ke5 {[%clk 0:02:36]} 67. Nf3 {[%clk 0:07:57]} Kf4
{[%clk 0:02:57]} 68. Ne1 {[%clk 0:08:08]} Rh7 {[%clk 0:03:08]} 69. Ng2
{[%clk 0:07:50]} Ke5 {[%clk 0:03:01]} 70. Bf3 {[%clk 0:08:04]} f4
{[%clk 0:03:18]} 71. Ne1 {[%clk 0:08:07]} Kf5 {[%clk 0:03:23]} 72. Be2
{[%clk 0:08:12]} Ra7 {[%clk 0:01:35]} 73. Bd3 {[%clk 0:08:31]} Kg4
{[%clk 0:01:35]} 74. Be2 {[%clk 0:08:52]} Kg5 {[%clk 0:01:58]} 75. Nf3
{[%clk 0:09:13]} Kf6 {[%clk 0:02:19]} 76. Ne1 {[%clk 0:09:28]} Ra3
{[%clk 0:02:00]} 1/2-1/2

[Event "RTU Open, Riga"]
[Site "?"]
[Date "2013.08.11"]
[Round "9.14"]
[White "Aleksandrov, Aleksej"]
[Black "Berzinsh, Roland"]
[Result "0-1"]
[BlackElo "2400"]
[WhiteElo "2626"]

1. d4 {[%clk 1:30:59]} d5 {[%clk 1:30:50]} 2. c4 {[%clk 1:31:26]} dxc4
{[%clk 1:31:07]} 3. e3 {[%clk 1:31:51]} e5 {[%clk 1:31:11]} 4. Bxc4
{[%clk 1:32:17]} exd4 {[%clk 1:31:27]} 5. exd4 {[%clk 1:32:43]} Bd6
{[%clk 1:29:43]} 6. Nf3 {[%clk 1:29:23]} Nf6 {[%clk 1:30:04]} 7. Qe2
{[%clk 1:29:42]} Qe7 {[%clk 1:30:20]} 8. Qxe7 {[%clk 1:30:07]} Kxe7
{[%clk 1:30:45]} 9. O-O {[%clk 1:30:07]} Be6 {[%clk 1:30:27]} 10. Re1
{[%clk 1:29:22]} Kd7 {[%clk 1:30:00]} 11. b3 {[%clk 1:23:36]} Re8
{[%clk 1:21:46]} 12. Ne5 {[%clk 1:19:29]} Kc8 {[%clk 1:18:27]} 13. Bb2
{[%clk 1:14:27]} Nbd7 {[%clk 0:55:13]} 14. Na3 {[%clk 0:58:18]} Nb6
{[%clk 0:49:08]} 15. Bxe6 {[%clk 0:40:54]} fxe6 {[%clk 0:49:17]} 16. Nac4
{[%clk 0:41:16]} Bb4 {[%clk 0:34:59]} 17. Re2 {[%clk 0:37:41]} Nbd5
{[%clk 0:35:22]} 18. a3 {[%clk 0:37:54]} Bf8 {[%clk 0:31:38]} 19. Rae1
{[%clk 0:27:07]} Nf4 {[%clk 0:31:15]} 20. Rc2 {[%clk 0:27:26]} N4d5
{[%clk 0:29:26]} 21. b4 {[%clk 0:20:18]} b6 {[%clk 0:24:14]} 22. g3
{[%clk 0:20:22]} Kb7 {[%clk 0:24:21]} 23. Rce2 {[%clk 0:17:44]} Re7
{[%clk 0:10:00]} 24. Nd3 {[%clk 0:15:12]} Rae8 {[%clk 0:10:29]} 25. b5
{[%clk 0:12:48]} a6 {[%clk 0:10:32]} 26. a4 {[%clk 0:12:13]} axb5
{[%clk 0:10:56]} 27. axb5 {[%clk 0:12:41]} Ra8 {[%clk 0:07:01]} 28. Nce5
{[%clk 0:12:47]} Ree8 {[%clk 0:06:33]} 29. Nc6 {[%clk 0:13:12]} Ba3
{[%clk 0:06:31]} 30. Nde5 {[%clk 0:08:46]} Bb4 {[%clk 0:05:09]} 31. Rc1
{[%clk 0:07:25]} Ra2 {[%clk 0:05:21]} 32. Kf1 {[%clk 0:07:32]} Rxb2
{[%clk 0:04:15]} 33. Rxb2 {[%clk 0:07:58]} Ba3 {[%clk 0:04:42]} 34. Rbc2
{[%clk 0:08:07]} Bxc1 {[%clk 0:05:06]} 35. Rxc1 {[%clk 0:08:36]} Ra8
{[%clk 0:05:30]} 36. Rc2 {[%clk 0:07:37]} Ne4 {[%clk 0:05:46]} 37. Rb2
{[%clk 0:05:50]} Ndc3 {[%clk 0:04:56]} 38. Kg2 {[%clk 0:02:56]} Nd6
{[%clk 0:05:09]} 39. Nf3 {[%clk 0:01:31]} Ndxb5 {[%clk 0:05:21]} 40. Nce5
{[%clk 0:01:22]} h6 {[%clk 0:04:35]} 41. h4 {[%clk 0:01:44]} Ra2 {[%clk 0:04:56]}
42. Rb3 {[%clk 0:01:43]} Ra3 {[%clk 0:02:38]} 43. Rb2 {[%clk 0:02:07]} Nd6
{[%clk 0:02:45]} 44. Nd3 {[%clk 0:01:05]} Na4 {[%clk 0:01:05]} 45. Nc5
{[%clk 0:01:29]} Nxc5 {[%clk 0:01:08]} 46. dxc5 {[%clk 0:01:58]} Nc4
{[%clk 0:01:03]} 47. Rb4 {[%clk 0:01:08]} Rc3 {[%clk 0:01:18]} 48. Nd4
{[%clk 0:01:34]} e5 {[%clk 0:01:08]} 49. Nf5 {[%clk 0:01:57]} Kc6
{[%clk 0:01:06]} 50. cxb6 {[%clk 0:02:21]} cxb6 {[%clk 0:01:35]} 51. Nxg7
{[%clk 0:02:44]} b5 {[%clk 0:01:47]} 52. h5 {[%clk 0:01:35]} Kc5 {[%clk 0:01:57]}
53. Rb1 {[%clk 0:01:58]} b4 {[%clk 0:02:18]} 54. Ne6 {[%clk 0:02:18]} Kd6
{[%clk 0:01:32]} 55. Ng7 {[%clk 0:01:14]} b3 {[%clk 0:01:53]} 56. Rd1
{[%clk 0:01:21]} Ke7 {[%clk 0:01:32]} 57. Nf5 {[%clk 0:01:48]} Ke6
{[%clk 0:01:03]} 58. Ng7 {[%clk 0:01:48]} Kf7 {[%clk 0:01:31]} 59. Rd7
{[%clk 0:01:42]} Kf6 {[%clk 0:02:00]} 60. Ne8 {[%clk 0:01:56]} Ke6
{[%clk 0:02:18]} 61. Rb7 {[%clk 0:01:52]} b2 {[%clk 0:02:08]} 62. g4
{[%clk 0:01:19]} Rc1 {[%clk 0:02:13]} 63. Ng7 {[%clk 0:01:37]} Kd5
{[%clk 0:01:55]} 64. g5 {[%clk 0:01:22]} b1=Q {[%clk 0:02:06]} 65. Rxb1
{[%clk 0:01:47]} Rxb1 {[%clk 0:02:34]} 66. gxh6 {[%clk 0:02:12]} Rb8
{[%clk 0:02:51]} 67. Kg3 {[%clk 0:02:36]} Nd6 {[%clk 0:01:46]} 68. Kg4
{[%clk 0:02:56]} Rh8 {[%clk 0:01:47]} 69. Kg5 {[%clk 0:01:44]} Nf7
{[%clk 0:02:01]} 70. Kg6 {[%clk 0:02:07]} Nxh6 {[%clk 0:02:25]} 71. f3
{[%clk 0:02:30]} Kd6 {[%clk 0:02:26]} 72. Kf6 {[%clk 0:02:57]} Kd7
{[%clk 0:01:54]} 73. Ne6 {[%clk 0:03:17]} Rc8 {[%clk 0:00:42]} 74. Ng5
{[%clk 0:01:45]} Rc6 {[%clk 0:01:09]} 75. Kxe5 {[%clk 0:02:03]} Ke7
{[%clk 0:01:30]} 76. f4 {[%clk 0:02:23]} Ra6 {[%clk 0:01:05]} 77. Kd4 0-1